[Event "Wroclaw Polonia op-A"]
[Site "Wroclaw"]
[Date "2005.07.01"]
[Round "8"]
[White "Siembab, Bartosz"]
[Black "Figiel, Marek"]
[Result "1-0"]
[WhiteElo "2103"]
[BlackElo "2294"]
[PlyCount "41"]
[EventDate "2005.06.??"]
[EventType "swiss"]
[EventRounds "9"]
[EventCountry "POL"]
[SourceTitle "EXT 2006"]
[Source "ChessBase"]
[SourceDate "2005.11.24"]
[SourceVersion "1"]
[SourceVersionDate "2005.11.24"]
[SourceQuality "1"]

1. e4 c5 2. Nf3 d6 3. d4 cxd4 4. Nxd4 Nf6 5. Nc3 g6 6. Be2 Bg7 7. 0-0 Nc6 8. Be3 0-0 9. Nb3 a6 10. f4 b5 11. Bf3 Bb7 12. e5 Ne8 13. exd6 Nxd6 14. Nc5 Rc8 15. Nd5 e6 16. Nxb7 Nxb7 17. Bb6 Qh4 18. g3 Qh3 19. Ne3 Nbd8 20. Bc5 Rc7 21. Qd6 1-0

[Event "Wroclaw Polonia op-A"]
[Site "Wroclaw"]
[Date "2005.06.30"]
[Round "6"]
[White "Andrejczuk, Beata"]
[Black "Figiel, Marek"]
[Result "0-1"]
[WhiteElo "2120"]
[BlackElo "2294"]
[PlyCount "84"]
[EventDate "2005.06.??"]
[EventType "swiss"]
[EventRounds "9"]
[EventCountry "POL"]
[SourceTitle "EXT 2006"]
[Source "ChessBase"]
[SourceDate "2005.11.24"]
[SourceVersion "1"]
[SourceVersionDate "2005.11.24"]
[SourceQuality "1"]

1. e4 c5 2. Nc3 Nc6 3. f4 g6 4. Nf3 Bg7 5. Bc4 a6 6. a4 e6 7. 0-0 Nge7 8. d3 d5 9. Ba2 0-0 10. Qe1 Nb4 11. Bb1 b6 12. Ne2 Nbc6 13. c4 dxc4 14. dxc4 Nd4 15. Nd2 Bb7 16. Nc3 f5 17. Ra3 Re8 18. Qh4 Nec6 19. Qh3 Nb4 20. Rd1 Qc7 21. Nf3 Rad8 22. Bd2 Nbc2 23. Ra2 Nxf3+ 24. Qxf3 Nd4 25. Qf1 Nb3 26. Be3 Bd4 27. Re1 Nd2 28. Qe2 Nxb1 29. Rxb1 Qxf4 30. Bxd4 cxd4 31. Rf1 Qg5 32. Nd1 Bxe4 33. b4 e5 34. c5 bxc5 35. bxc5 Bd5 36. Rb2 f4 37. Qxa6 f3 38. c6 fxg2 39. Re1 Qh4 40. Ree2 Qf4 41. Rf2 Qc1 42. Rbd2 Rf8 0-1

[Event "POL-chT 2nd League South"]
[Site "Wisla"]
[Date "1998.??.??"]
[Round "?"]
[White "Figiel, Marek"]
[Black "Jasik, Krzysztof"]
[Result "1/2-1/2"]
[WhiteElo "2310"]
[BlackElo "2220"]
[PlyCount "45"]
[EventDate "1998.11.20"]
[EventType "team-swiss"]
[EventRounds "10"]
[EventCountry "POL"]
[SourceTitle "EXT 2000"]
[Source "ChessBase"]
[SourceDate "1999.11.16"]
[SourceVersion "1"]
[SourceVersionDate "1999.11.16"]
[SourceQuality "1"]

1. d4 Nf6 2. Nf3 c5 3. d5 d6 4. c4 b5 5. cxb5 a6 6. e3 axb5 7. Bxb5+ Bd7 8. Bxd7+ Nbxd7 9. 0-0 g6 10. b3 Bg7 11. Bb2 0-0 12. Re1 Qb6 13. Na3 Qb7 14. e4 Nb6 15. Qc2 Rfb8 16. Nc4 Nxc4 17. Qxc4 Qb4 18. Qc2 c4 19. Nd2 Bh6 20. Nxc4 Rxa2 21. Kf1 Rxa1 22. Bxa1 Nd7 23. Bd4 1/2-1/2

[Event "POL-chT 2nd League South"]
[Site "Wisla"]
[Date "1998.??.??"]
[Round "?"]
[White "Figiel, Marek"]
[Black "Jusiak, Grzegorz"]
[Result "1/2-1/2"]
[WhiteElo "2310"]
[BlackElo "2220"]
[PlyCount "43"]
[EventDate "1998.11.20"]
[EventType "team-swiss"]
[EventRounds "10"]
[EventCountry "POL"]
[SourceTitle "EXT 2000"]
[Source "ChessBase"]
[SourceDate "1999.11.16"]
[SourceVersion "1"]
[SourceVersionDate "1999.11.16"]
[SourceQuality "1"]

1. g3 Nf6 2. Bg2 d5 3. d3 e6 4. Nd2 Be7 5. e4 c5 6. f4 Nc6 7. Ngf3 b5 8. a4 b4 9. 0-0 0-0 10. Ne5 Qb6 11. Nxc6 Qxc6 12. c4 bxc3 13. bxc3 Bb7 14. e5 Nd7 15. Nf3 Qc7 16. Bd2 Rab8 17. Qe2 Bc6 18. Bh3 Rfe8 19. f5 exf5 20. Bxf5 Nf8 21. d4 Bd7 22. Bxd7 1/2-1/2

[Event "POL-chT 2nd League"]
[Site "Lubniewice"]
[Date "1993.??.??"]
[Round "?"]
[White "Figiel, Marek"]
[Black "Gralka, Przemyslaw"]
[Result "1/2-1/2"]
[WhiteElo "2360"]
[BlackElo "2280"]
[PlyCount "137"]
[EventDate "1993.09.17"]
[EventType "team-swiss"]
[EventRounds "11"]
[EventCountry "POL"]
[SourceTitle "TD"]
[Source "ChessBase"]
[SourceDate "1994.03.01"]
[SourceVersion "1"]
[SourceVersionDate "1994.03.01"]
[SourceQuality "1"]

1. Nf3 d5 2. d4 Nf6 3. c3 e6 4. Bg5 Be7 5. Nbd2 Nbd7 6. e3 c5 7. Bd3 0-0 8. 0-0 b6 9. Qe2 Bb7 10. Rad1 Rc8 11. Bb1 Re8 12. Rfe1 Qc7 13. Bf4 Bd6 14. Bxd6 Qxd6 15. e4 dxe4 16. Nxe4 Nxe4 17. Bxe4 Bxe4 18. Qxe4 c4 19. Qh4 Qd5 20. Rd2 Rb8 21. Ne5 Nf6 22. Ng4 Nxg4 23. Qxg4 f6 24. Rde2 Kf7 25. Qf4 Rbc8 26. Re5 Qd6 27. Qf3 Kg8 28. R5e3 Re7 29. Qe2 Rc6 30. Qh5 Rc8 31. Rh3 g6 32. Qh4 Rf8 33. Rhe3 Qd5 34. Qg4 Rfe8 35. f4 b5 36. a3 a5 37. Qh4 Kg7 38. Rh3 h5 39. Rhe3 Qf5 40. Qf2 Kf7 41. h3 Qd5 42. Qh4 Kg7 43. f5 g5 44. Qe4 Qxe4 45. Rxe4 Kf7 46. fxe6+ Rxe6 47. Rxe6 Rxe6 48. Rxe6 Kxe6 49. g3 Kd5 50. Kf2 Ke4 51. Ke2 f5 52. h4 g4 53. Kf2 f4 54. gxf4 Kxf4 55. Kg2 Ke4 56. Kf2 b4 57. axb4 axb4 58. Kg3 b3 59. Kg2 Kd3 60. d5 Kc2 61. d6 Kxb2 62. d7 Kc2 63. d8Q b2 64. Qd4 b1Q 65. Qxc4 Qb7+ 66. Kg1 Qf3 67. Qa4+ Kxc3 68. Qa5+ Kd4 69. Qxh5 1/2-1/2

[Event "POL-chT 43rd"]
[Site "Jachranka"]
[Date "1987.??.??"]
[Round "4"]
[White "Bus, Mariusz"]
[Black "Figiel, Marek"]
[Result "1-0"]
[WhiteElo "2330"]
[BlackElo "2285"]
[PlyCount "77"]
[EventDate "1987.09.23"]
[EventType "team-tourn"]
[EventRounds "11"]
[EventCountry "POL"]
[SourceTitle "EXT 2019"]
[Source "ChessBase"]
[SourceDate "2018.10.10"]
[SourceVersion "1"]
[SourceVersionDate "2018.10.10"]
[SourceQuality "1"]
[WhiteTeam "Wroclaw Politechnika"]
[BlackTeam "Wroclaw Maraton"]
[WhiteTeamCountry "POL"]
[BlackTeamCountry "POL"]

1. d4 Nf6 2. c4 g6 3. Nc3 Bg7 4. e4 d6 5. Be2 0-0 6. Bg5 h6 7. Be3 e5 8. d5 Na6 9. f3 c5 10. Qd2 h5 11. a3 Nc7 12. b4 b6 13. Bd1 Nh7 14. Ba4 f5 15. Nge2 Ba6 16. Bc6 Rb8 17. Nb5 f4 18. Bf2 Nxb5 19. cxb5 Bc8 20. a4 g5 21. a5 cxb4 22. axb6 axb6 23. Qxb4 g4 24. Kd1 Bf6 25. Ra7 Ng5 26. Qa3 h4 27. Bxh4 Nxe4 28. Bxf6 Nf2+ 29. Ke1 Qxf6 30. Kxf2 Qh4+ 31. Kf1 gxf3 32. Qxf3 Bg4 33. Qf2 Qh6 34. Ke1 Qg6 35. Nc3 f3 36. Rg1 Qd3 37. gxf3 Rxf3 38. Rxg4+ Kf8 39. Rg8+ 1-0

[Event "POL-chT 43rd"]
[Site "Jachranka"]
[Date "1987.??.??"]
[Round "9"]
[White "Figiel, Marek"]
[Black "Szalajdewicz, Janusz"]
[Result "1-0"]
[WhiteElo "2285"]
[BlackElo "2310"]
[PlyCount "59"]
[EventDate "1987.09.23"]
[EventType "team-tourn"]
[EventRounds "11"]
[EventCountry "POL"]
[SourceTitle "EXT 2019"]
[Source "ChessBase"]
[SourceDate "2018.10.10"]
[SourceVersion "1"]
[SourceVersionDate "2018.10.10"]
[SourceQuality "1"]
[WhiteTeam "Wroclaw Maraton"]
[BlackTeam "Katowice Kolejarz"]
[WhiteTeamCountry "POL"]
[BlackTeamCountry "POL"]

1. e4 e6 2. d4 d5 3. Nd2 c5 4. exd5 exd5 5. Ngf3 c4 6. b3 cxb3 7. axb3 Bd6 8. Bd3 Ne7 9. 0-0 Nbc6 10. c3 Bg4 11. Re1 h6 12. Nf1 0-0 13. h3 Bh5 14. Ng3 Bg6 15. Ne5 Nxe5 16. dxe5 Bc5 17. Ra2 a5 18. Bxg6 Nxg6 19. Nf5 Re8 20. Qg4 Ra6 21. Rae2 Kh7 22. h4 Bf8 23. h5 Nh8 24. Nd4 Bc5 25. Re3 Bxd4 26. cxd4 Qc8 27. Qd1 Qe6 28. Qd3+ Kg8 29. Rg3 Rc6 30. Bd2 1-0

[Event "Dreszer Memorial"]
[Site "Gdynia"]
[Date "1987.??.??"]
[Round "8"]
[White "Figiel, Marek"]
[Black "Szymczak, Zbigniew"]
[Result "0-1"]
[WhiteElo "2230"]
[BlackElo "2390"]
[PlyCount "76"]
[EventDate "1987.??.??"]
[EventType "tourn"]
[EventRounds "11"]
[EventCountry "POL"]
[EventCategory "4"]
[SourceTitle "EXT 1997"]
[Source "ChessBase"]
[SourceDate "1996.11.15"]
[SourceVersion "1"]
[SourceVersionDate "1996.11.15"]
[SourceQuality "1"]

1. e4 e6 2. d4 d5 3. Nd2 Nf6 4. e5 Nfd7 5. Bd3 c5 6. c3 Nc6 7. Ne2 cxd4 8. cxd4 f6 9. exf6 Nxf6 10. 0-0 Bd6 11. Nf3 Qc7 12. Nc3 a6 13. Bg5 0-0 14. Rc1 Bd7 15. Re1 Rae8 16. Bh4 Qb6 17. b3 Ba3 18. Rc2 Nb4 19. Ne5 Nxd3 20. Nxd7 Nxd7 21. Qxd3 Rf4 22. Nxd5 Qa5 23. Qe3 Rxh4 24. Nc7 Re7 25. Nxe6 Re8 26. b4 Bxb4 27. Qb3 Kh8 28. Rb1 Re4 29. d5 Bd6 30. Rf1 Nb6 31. Ng5 Re1 32. g3 Rxf1+ 33. Kxf1 Kg8 34. Rb2 Qxd5 35. Qxd5+ Nxd5 36. Rd2 Re5 37. Nf3 Rf5 38. Nd4 Rf6 0-1

[Event "POL-chT 43rd"]
[Site "Jachranka"]
[Date "1987.??.??"]
[Round "8"]
[White "Hass, Roman"]
[Black "Figiel, Marek"]
[Result "1/2-1/2"]
[WhiteElo "2285"]
[BlackElo "2285"]
[PlyCount "56"]
[EventDate "1987.09.23"]
[EventType "team-tourn"]
[EventRounds "11"]
[EventCountry "POL"]
[SourceTitle "EXT 2019"]
[Source "ChessBase"]
[SourceDate "2018.10.10"]
[SourceVersion "1"]
[SourceVersionDate "2018.10.10"]
[SourceQuality "1"]
[WhiteTeam "Warszawa Legion"]
[BlackTeam "Wroclaw Maraton"]
[WhiteTeamCountry "POL"]
[BlackTeamCountry "POL"]

1. Nf3 d6 2. d4 g6 3. e4 Bg7 4. Nc3 c6 5. h3 b5 6. Bd3 e5 7. Be3 a6 8. 0-0 Nd7 9. Qd2 Ngf6 10. Bh6 0-0 11. Rad1 Qb6 12. dxe5 dxe5 13. Qg5 Re8 14. Ne2 Nh5 15. c3 Qc7 16. Bc2 Nf8 17. Bxg7 Kxg7 18. Bb3 Be6 19. Bxe6 f6 20. Qe3 Nxe6 21. Rd2 Qa7 22. Rd6 Qc7 23. Rfd1 Rad8 24. Rxd8 Rxd8 25. Rxd8 Qxd8 26. Qa7+ Kg8 27. Kh2 Qd3 28. Qe7 Qxe2 1/2-1/2

[Event "Dreszer Memorial"]
[Site "Gdynia"]
[Date "1987.??.??"]
[Round "9"]
[White "Stratil, Ladislav Jr"]
[Black "Figiel, Marek"]
[Result "1-0"]
[WhiteElo "2370"]
[BlackElo "2230"]
[PlyCount "91"]
[EventDate "1987.??.??"]
[EventType "tourn"]
[EventRounds "11"]
[EventCountry "POL"]
[EventCategory "4"]
[SourceTitle "EXT 1997"]
[Source "ChessBase"]
[SourceDate "1996.11.15"]
[SourceVersion "1"]
[SourceVersionDate "1996.11.15"]
[SourceQuality "1"]

1. Nf3 Nf6 2. g3 g6 3. Bg2 Bg7 4. 0-0 0-0 5. d3 d5 6. Nbd2 c5 7. e4 Nc6 8. Re1 d4 9. a4 e5 10. Nc4 Ne8 11. Bd2 Nd6 12. b3 b6 13. Nh4 Bf6 14. Nf3 a6 15. h4 Bg7 16. Ng5 f6 17. Nh3 Bb7 18. f4 b5 19. Nxd6 Qxd6 20. f5 c4 21. bxc4 bxc4 22. Nf2 Ne7 23. fxg6 hxg6 24. Rb1 Bc6 25. Bb4 Qc7 26. a5 Rfe8 27. h5 g5 28. Ng4 Rab8 29. Rf1 Rf8 30. Bh3 c3 31. h6 Bh8 32. Nf2 Be8 33. Be6+ Bf7 34. Bxf7+ Rxf7 35. Qh5 Rb5 36. Ng4 Kf8 37. Bxe7+ Qxe7 38. Rxb5 axb5 39. a6 b4 40. a7 Qxa7 41. Qg6 b3 42. cxb3 c2 43. h7 Qc7 44. Nh6 c1Q 45. Qg8+ Ke7 46. Qxf7+ 1-0

[Event "Gdynia op"]
[Site "Gdynia"]
[Date "1986.??.??"]
[Round "5"]
[White "Mazul, Waldemar"]
[Black "Figiel, Marek"]
[Result "0-1"]
[WhiteElo "2330"]
[BlackElo "2230"]
[PlyCount "84"]
[EventDate "1986.??.??"]
[EventType "swiss"]
[EventRounds "9"]
[EventCountry "POL"]
[SourceTitle "EXT 2001"]
[Source "ChessBase"]
[SourceDate "2000.11.22"]
[SourceVersion "1"]
[SourceVersionDate "2000.11.22"]
[SourceQuality "1"]

1. e4 c5 2. Ne2 e6 3. d4 cxd4 4. Nxd4 Nf6 5. Nc3 d6 6. Be2 a6 7. 0-0 b5 8. Bf3 Ra7 9. Be3 Rc7 10. Nb3 Rd7 11. a4 b4 12. Na2 Bb7 13. Qd3 Nc6 14. Bf4 Qa8 15. Qe3 Be7 16. Nbc1 0-0 17. Nd3 Rc8 18. Rfc1 Rdc7 19. a5 Nd7 20. Bd1 Nde5 21. Bxe5 Nxe5 22. Nxe5 dxe5 23. f3 h6 24. Qf2 Bd6 25. Qe3 f5 26. exf5 exf5 27. Qd3 Rd8 28. Qxf5 Rf7 29. Qe6 Bd5 30. Qg6 Qc6 31. Qd3 Bb8 32. Kf1 Qc7 33. Qg6 e4 34. Qg3 Qa7 35. Qh4 Rdf8 36. Nxb4 Rf4 37. Qh5 R4f5 38. Qh4 Qf7 39. Qf2 Qc7 40. Qh4 Rf4 41. Qh3 Qd8 42. g3 Rxf3+ 0-1

[Event "Gdynia Olympiad Candid."]
[Site "Gdynia"]
[Date "1985.02.20"]
[Round "9"]
[White "Figiel, Marek"]
[Black "Dabek, Roman"]
[Result "0-1"]
[WhiteElo "2280"]
[BlackElo "2260"]
[PlyCount "124"]
[EventDate "1985.02.??"]
[EventType "tourn"]
[EventRounds "11"]
[EventCountry "POL"]
[EventCategory "2"]
[SourceTitle "EXT 2001"]
[Source "ChessBase"]
[SourceDate "2000.11.22"]
[SourceVersion "1"]
[SourceVersionDate "2000.11.22"]
[SourceQuality "1"]

1. e4 c5 2. Nf3 e6 3. d4 cxd4 4. Nxd4 Nf6 5. Nc3 d6 6. g4 h6 7. Rg1 Nc6 8. h4 Nd7 9. g5 hxg5 10. Bxg5 Qc7 11. Qd2 Nde5 12. Rg3 a6 13. 0-0-0 Nxd4 14. Qxd4 Bd7 15. Be2 f6 16. Be3 Rxh4 17. f4 Nc6 18. Qd2 0-0-0 19. Qe1 f5 20. Qf2 Re8 21. Bb6 Qb8 22. Rgd3 Be7 23. exf5 d5 24. fxe6 Bxe6 25. Nxd5 Bxd5 26. Rxd5 Qxf4+ 27. Kb1 Bf6 28. Bh5 Rh8 29. Bf7 Qb4 30. c3 Bxc3 31. Be6+ Kb8 32. Qg3+ Ka8 33. Qxc3 Qxb6 34. Qxg7 Nb4 35. a3 Nxd5 36. Bxd5 R4h7 37. Qc3 Rf8 38. Re1 Ka7 39. Re6 Qg1+ 40. Ka2 Rf1 41. Be4 Rd7 42. Bc2 Ra1+ 43. Kb3 Qd4 44. Qxd4+ Rxd4 45. Re4 Rxe4 46. Bxe4 Re1 47. Bd5 b5 48. Ka2 Re2 49. Bf7 Kb6 50. Bg6 a5 51. Bh7 Kc5 52. Bg6 Rf2 53. Bh7 Kd4 54. Bg6 Ke3 55. Be8 Rf5 56. Kb1 Kd2 57. Bd7 Re5 58. Bc6 Kd3 59. Bg2 Re1+ 60. Ka2 Kc2 61. Bd5 Re2 62. Ka1 Kc1 0-1

[Event "Gdynia Olympiad Candid."]
[Site "Gdynia"]
[Date "1985.02.13"]
[Round "3"]
[White "Bozek, Adam"]
[Black "Figiel, Marek"]
[Result "1/2-1/2"]
[WhiteElo "2285"]
[BlackElo "2280"]
[PlyCount "59"]
[EventDate "1985.02.??"]
[EventType "tourn"]
[EventRounds "11"]
[EventCountry "POL"]
[EventCategory "2"]
[SourceTitle "EXT 2001"]
[Source "ChessBase"]
[SourceDate "2000.11.22"]
[SourceVersion "1"]
[SourceVersionDate "2000.11.22"]
[SourceQuality "1"]

1. e4 d6 2. d4 Nf6 3. Nc3 g6 4. f4 Bg7 5. Nf3 0-0 6. Bd3 Nc6 7. 0-0 Bg4 8. e5 dxe5 9. dxe5 Nd5 10. h3 Nxc3 11. bxc3 Bf5 12. Qe2 Qc8 13. Nd4 Bxd3 14. Qxd3 Rd8 15. Qe4 Nxd4 16. cxd4 f5 17. Qd3 e6 18. c4 Bf8 19. Be3 c6 20. Rfd1 Qd7 21. a4 a5 22. Qb3 Bb4 23. Rd3 b5 24. cxb5 cxb5 25. axb5 Rab8 26. d5 Rxb5 27. dxe6 Qxd3 28. e7+ Qxb3 29. exd8Q+ Bf8 30. Bf2 1/2-1/2

[Event "Gdynia Olympiad Candid."]
[Site "Gdynia"]
[Date "1985.02.11"]
[Round "1"]
[White "Bojczuk, Zygmunt"]
[Black "Figiel, Marek"]
[Result "0-1"]
[WhiteElo "2330"]
[BlackElo "2280"]
[PlyCount "64"]
[EventDate "1985.02.??"]
[EventType "tourn"]
[EventRounds "11"]
[EventCountry "POL"]
[EventCategory "2"]
[SourceTitle "EXT 2001"]
[Source "ChessBase"]
[SourceDate "2000.11.22"]
[SourceVersion "1"]
[SourceVersionDate "2000.11.22"]
[SourceQuality "1"]

1. e4 c5 2. Nf3 d6 3. g3 Nf6 4. d3 Nc6 5. Bg2 g6 6. 0-0 Bg7 7. Nbd2 0-0 8. a4 Rb8 9. Nc4 Be6 10. Ne3 a6 11. Ng5 Bd7 12. f4 b5 13. axb5 axb5 14. g4 Qc8 15. h3 c4 16. Qe1 Nd4 17. Qh4 h6 18. Nf3 Ne2+ 19. Kh1 Nxf4 20. g5 N6h5 21. gxh6 Bf6 22. Ng5 Bxg5 23. Qxg5 f6 24. Qh4 g5 25. Qf2 Bxh3 26. Qf3 cxd3 27. cxd3 Rb7 28. Bd2 Bxg2+ 29. Nxg2 g4 30. Qe3 e5 31. Rac1 Qe6 32. Nh4 g3 0-1